Tìm hiểu pháp luật: Bộ luật tố tụng hình sự nước cộng hoà xã hội chủ nghĩa Việt Nam năm 2003 : Áp dụng từ 01-07-2004

Đã lưu trong:
Bibliografiske detaljer
Format: Bog
Sprog:Undetermined
Udgivet: Đồng Nai Nhà xuất bản Đồng Nai 2004
Fag:
Tags: Tilføj Tag
Ingen Tags, Vær først til at tagge denne postø!
Thư viện lưu trữ: Trung tâm Học liệu Trường Đại học Cần Thơ
LEADER 00704nam a2200193Ia 4500
001 CTU_93184
008 210402s9999 xx 000 0 und d
020 |c 25000 
082 |a 345.59705 
082 |b B450 
245 0 |a Tìm hiểu pháp luật: Bộ luật tố tụng hình sự nước cộng hoà xã hội chủ nghĩa Việt Nam năm 2003 : 
245 0 |b Áp dụng từ 01-07-2004 
245 0 |c Quốc Cường, Thanh Thảo sưu tầm 
260 |a Đồng Nai 
260 |b Nhà xuất bản Đồng Nai 
260 |c 2004 
650 |a Criminal procedure 
904 |i Tuyến,Hải 
980 |a Trung tâm Học liệu Trường Đại học Cần Thơ